zpět

Detail výsledku týmu

Tenis Pub Lužánky, Brno

Datum a čas kvízu

29.5 Celkem bodů Celkový počet nahraných bodů na tomto kvízu bez doplňovacích otázek.
5. Pořadí na kvízu Konečné umístění týmu na tomto kvízu.

Zaznamenané odpovědi

# Otázka Odpověď Body Výsledky
1. Frankenstein nebo Babica, tak... Bruntálu 0
2. V Severní Koreji zavedli nový... ruský jazyk 1
3. Že fanoušci často žádají o aut... A 1
4. Která automobilka představila... Škoda Auto 0
5. Kterému hráči se minulý týden... Kylian Mbappé 1
6. Seřaďte tyto ostrovy dle rozlo... 1D 2B 3A 4C 0
7. Nyní přiřaďte ostrovy ke států... 1A 2C 3B 4D 1
8. Kterému ostrovnímu středomořsk... Malta 0
9. Nyní si odskočíme ke kinematog... Řek Zorba, Anthony Quinn 0
10. Ke kterému středomořskému ostr... Elba 1